[Event "ROM-ch U14"]
[Site "Calimanesti Caciulata"]
[Date "2016.04.21"]
[Round "5"]
[White "Cristescu, Andrei Stefan"]
[Black "Butusina, Samuel"]
[Result "1-0"]
[WhiteElo "1670"]
[BlackElo "1416"]
[PlyCount "41"]
[EventDate "2016.04.18"]
[EventType "swiss"]
[EventRounds "9"]
[EventCountry "ROU"]
[SourceTitle "CBM 172 Extra"]
[Source "ChessBase"]
[SourceDate "2016.06.21"]
[SourceVersion "1"]
[SourceVersionDate "2016.06.21"]
[SourceQuality "1"]

1. e4 d6 2. d4 g6 3. f4 Bg7 4. Nf3 Nf6 5. Nc3 Bg4 6. Be2 0-0 7. h3 Bxf3 8. Bxf3 Nbd7 9. e5 Ne8 10. Bxb7 Rb8 11. Bd5 e6 12. Bb3 Qh4+ 13. Kf1 h5 14. Qf3 d5 15. g3 Qd8 16. Kg2 f6 17. Nxd5 exd5 18. Qxd5+ Kh7 19. e6 c6 20. Qxd7 Nc7 21. Qxd8 1-0

[Event "ROM-ch U12"]
[Site "Calimanesti"]
[Date "2015.04.06"]
[Round "9"]
[White "Tudose, Matei Ovidiu"]
[Black "Cristescu, Andrei Stefan"]
[Result "0-1"]
[WhiteElo "1618"]
[BlackElo "1539"]
[PlyCount "132"]
[EventDate "2015.03.30"]
[EventType "swiss"]
[EventRounds "9"]
[EventCountry "ROU"]
[SourceTitle "CBM 165 Extra"]
[Source "ChessBase"]
[SourceDate "2015.04.21"]
[SourceVersion "1"]
[SourceVersionDate "2015.04.21"]
[SourceQuality "1"]

1. e4 c5 2. Nf3 d6 3. d4 cxd4 4. Nxd4 Nf6 5. Nc3 g6 6. Be3 Bg7 7. f3 0-0 8. Bc4 Nc6 9. Qd2 Bd7 10. 0-0-0 Rc8 11. Bb3 Ne5 12. g4 Nc4 13. Bxc4 Rxc4 14. h4 Qa5 15. Kb1 Rfc8 16. Bh6 Rxd4 17. Qxd4 Bxh6 18. g5 Bg7 19. gxf6 Bxf6 20. Qd2 Bxc3 21. bxc3 Qxc3 22. Qxc3 Rxc3 23. Rd3 Rc5 24. Kb2 Kg7 25. Rc3 Rxc3 26. Kxc3 Kf6 27. Kd4 Bc6 28. Rg1 h6 29. c4 Ke6 30. a3 Kf6 31. Rg2 Ke6 32. Rg1 Be8 33. Rg2 f6 34. Rh2 f5 35. Rg2 Kf6 36. Rg1 Bc6 37. Rg2 g5 38. hxg5+ hxg5 39. Rf2 fxe4 40. fxe4+ Kg6 41. e5 g4 42. exd6 exd6 43. Rf4 Kg5 44. Ke3 g3 45. Rd4 Kf5 46. Ke2 Ke5 47. Rg4 g2 48. Kf2 d5 49. cxd5 Bxd5 50. Rb4 Kd6 51. Rb2 Kc5 52. Rb4 a5 53. Rb2 b5 54. Rc2+ Kd4 55. Rb2 Kc4 56. Rc2+ Kb3 57. Rc5 Bc4 58. Kxg2 Kxa3 59. Kf2 a4 60. Re5 Kb2 61. Re1 a3 62. Ke3 a2 63. Kd2 a1Q 64. Rxa1 Kxa1 65. Kc3 Kb1 66. Kb4 Kb2 0-1

[Event "ROM-ch U12"]
[Site "Calimanesti"]
[Date "2015.04.03"]
[Round "6"]
[White "Cristescu, Andrei Stefan"]
[Black "Tabara, Andrei Cristian"]
[Result "1-0"]
[WhiteElo "1539"]
[BlackElo "1444"]
[PlyCount "63"]
[EventDate "2015.03.30"]
[EventType "swiss"]
[EventRounds "9"]
[EventCountry "ROU"]
[SourceTitle "CBM 165 Extra"]
[Source "ChessBase"]
[SourceDate "2015.04.21"]
[SourceVersion "1"]
[SourceVersionDate "2015.04.21"]
[SourceQuality "1"]

1. e4 e5 2. Nf3 Nc6 3. Bc4 Bc5 4. d3 h6 5. 0-0 d6 6. c3 Bg4 7. h3 Bh5 8. Nbd2 Nf6 9. Bb3 0-0 10. Re1 Qd7 11. Nf1 Bxf3 12. Qxf3 Qe7 13. Ng3 Qd7 14. Bc2 Ne7 15. Bxh6 gxh6 16. Qxf6 Kh7 17. Nh5 Rg8 18. Qxf7+ Kh8 19. Nf6 Rg7 20. Qxg7+ Kxg7 21. Nxd7 Bb6 22. Nxb6 axb6 23. d4 exd4 24. cxd4 Kh8 25. e5 dxe5 26. dxe5 Rg8 27. Rad1 Ng6 28. Bxg6 Rxg6 29. e6 Rxe6 30. Rxe6 Kh7 31. Rd7+ Kg8 32. Re8# 1-0

[Event "ROM-ch U12"]
[Site "Calimanesti"]
[Date "2015.04.02"]
[Round "5"]
[White "Bonciu, David"]
[Black "Cristescu, Andrei Stefan"]
[Result "1-0"]
[WhiteElo "1721"]
[BlackElo "1539"]
[PlyCount "185"]
[EventDate "2015.03.30"]
[EventType "swiss"]
[EventRounds "9"]
[EventCountry "ROU"]
[SourceTitle "CBM 165 Extra"]
[Source "ChessBase"]
[SourceDate "2015.04.21"]
[SourceVersion "1"]
[SourceVersionDate "2015.04.21"]
[SourceQuality "1"]

1. e4 c5 2. Nf3 d6 3. d4 cxd4 4. Nxd4 Nf6 5. Nc3 g6 6. Be3 Bg7 7. f3 0-0 8. Qd2 Nc6 9. g4 Nxd4 10. Bxd4 Be6 11. 0-0-0 Qa5 12. Kb1 Rfc8 13. a3 Rab8 14. g5 Nh5 15. Bxg7 Nxg7 16. Nd5 Qxd2 17. Rxd2 Bxd5 18. exd5 Rc5 19. Bh3 Nh5 20. Rd4 b5 21. Bg4 Ng7 22. Re1 Kf8 23. b4 Rc4 24. Rxc4 bxc4 25. Re4 e6 26. dxe6 d5 27. Re5 fxe6 28. f4 Kf7 29. c3 Ke7 30. Re3 Rf8 31. Rf3 Kd6 32. Kc2 Ke7 33. Kd2 a5 34. b5 Kd6 35. a4 Rf7 36. Ke3 Ne8 37. Rf1 Nc7 38. Rb1 Re7 39. b6 Na6 40. b7 Nb8 41. Rb6+ Kd7 42. Rb5 Kc6 43. Kd4 Kc7 44. Ke5 Nd7+ 45. Kd4 Nb8 46. h3 Kc6 47. Bf3 Re8 48. Bg4 Kc7 49. h4 Kd6 50. Rb6+ Nc6+ 51. Ke3 Kc7 52. b8Q+ Nxb8 53. Rxe6 Rd8 54. Re7+ Kd6 55. Rxh7 Re8+ 56. Kf2 Nc6 57. Bd7 Re7 58. Rxe7 Nxe7 59. Bg4 Ng8 60. Ke3 Ne7 61. Bh3 Ng8 62. f5 gxf5 63. Bxf5 Ke5 64. Bh7 Ne7 65. g6 Nf5+ 66. Kd2 Kf6 67. h5 Kg5 68. Bg8 Kxh5 69. Bxd5 Kxg6 70. Bxc4 Kf6 71. Kd3 Ke5 72. Bb3 Kd6 73. Ke4 Ng3+ 74. Kd4 Nf5+ 75. Kc4 Kc6 76. Bc2 Nd6+ 77. Kd4 Nc8 78. Be4+ Kd6 79. Kc4 Na7 80. Bf3 Nc6 81. Kb5 Nb8 82. c4 Nd7 83. Kxa5 Kc5 84. Bd5 Nb6 85. Be6 Na8 86. Bd5 Nc7 87. Bf7 Na8 88. Ka6 Nb6 89. a5 Nc8 90. Be6 Nd6 91. Ka7 Kc6 92. Kb8 Nb5 93. Bd7+ 1-0

[Event "ROM-ch U12"]
[Site "Calimanesti"]
[Date "2015.03.30"]
[Round "1"]
[White "Clenciu, Daniel Marian"]
[Black "Cristescu, Andrei Stefan"]
[Result "0-1"]
[WhiteElo "1070"]
[BlackElo "1539"]
[PlyCount "76"]
[EventDate "2015.03.30"]
[EventType "swiss"]
[EventRounds "9"]
[EventCountry "ROU"]
[SourceTitle "CBM 165 Extra"]
[Source "ChessBase"]
[SourceDate "2015.04.21"]
[SourceVersion "1"]
[SourceVersionDate "2015.04.21"]
[SourceQuality "1"]

1. d4 Nf6 2. Nf3 e6 3. e3 g6 4. Bd3 d5 5. Qe2 Bg7 6. Nbd2 0-0 7. e4 dxe4 8. Nxe4 Nxe4 9. Qxe4 Nc6 10. c3 Re8 11. Bg5 f6 12. Bh4 e5 13. Bc4+ Kh8 14. Rd1 exd4 15. Ne5 Rxe5 16. Qxe5 Nxe5 17. Rxd4 Qe7 18. 0-0 Be6 19. Bxe6 Qxe6 20. Rfd1 Kg8 21. Bg3 Re8 22. f4 Nc6 23. R4d2 f5 24. Re1 Qf7 25. Rdd1 Rxe1+ 26. Rxe1 Qxa2 27. Bf2 Qxb2 28. Re8+ Kf7 29. Re1 Qxc3 30. Bh4 Qd4+ 31. Kh1 Qxf4 32. g3 Qd2 33. Rg1 Qd5+ 34. Rg2 Bd4 35. h3 h6 36. g4 f4 37. g5 f3 38. Rg3 f2+ 0-1

[Event "ROM-ch U12"]
[Site "Calimanesti"]
[Date "2014.04.11"]
[Round "7"]
[White "Cristescu, Andrei Stefan"]
[Black "Filat, Nicolae"]
[Result "0-1"]
[WhiteElo "1546"]
[BlackElo "1655"]
[PlyCount "60"]
[EventDate "2014.04.06"]
[EventType "swiss"]
[EventRounds "9"]
[EventCountry "ROU"]
[SourceTitle "CBM 160 Extra"]
[Source "ChessBase"]
[SourceDate "2014.07.01"]
[SourceVersion "1"]
[SourceVersionDate "2014.07.01"]
[SourceQuality "1"]

1. e4 e5 2. Nf3 Nc6 3. Bc4 Bc5 4. d3 h6 5. c3 Nf6 6. Bb3 d6 7. Nbd2 0-0 8. Nf1 Bb6 9. h3 Ne7 10. g4 g5 11. Ng3 Ng6 12. Nf5 Bxf5 13. gxf5 Nf4 14. Bxf4 gxf4 15. Rg1+ Kh7 16. Ke2 Qe7 17. Qc2 c6 18. Nh2 d5 19. Rg2 Rg8 20. Ng4 dxe4 21. dxe4 h5 22. Nxf6+ Qxf6 23. Rag1 Rxg2 24. Rxg2 Rd8 25. Bc4 Rd7 26. Qc1 Qh6 27. Qg1 f3+ 28. Kxf3 Qf4+ 29. Ke2 Qxe4+ 30. Kf1 Rd1# 0-1

[Event "ROM-ch U12"]
[Site "Calimanesti"]
[Date "2014.04.08"]
[Round "3"]
[White "Cristescu, Andrei Stefan"]
[Black "Cristea, Aurelian Gabriel"]
[Result "1-0"]
[WhiteElo "1546"]
[BlackElo "1119"]
[PlyCount "75"]
[EventDate "2014.04.06"]
[EventType "swiss"]
[EventRounds "9"]
[EventCountry "ROU"]
[SourceTitle "CBM 160 Extra"]
[Source "ChessBase"]
[SourceDate "2014.07.01"]
[SourceVersion "1"]
[SourceVersionDate "2014.07.01"]
[SourceQuality "1"]

1. e4 e6 2. d4 d5 3. e5 c5 4. c3 Nc6 5. Nf3 Qb6 6. Be2 Bd7 7. 0-0 cxd4 8. cxd4 f6 9. b3 Qc7 10. Bb2 fxe5 11. Nxe5 Nxe5 12. dxe5 Bc5 13. Nd2 Bb6 14. Rc1 Qd8 15. Nf3 Ne7 16. Ba3 0-0 17. Bd6 Re8 18. Bd3 g6 19. Qd2 Kg7 20. Qf4 Nc6 21. Ng5 Rf8 22. Bxf8+ Qxf8 23. Qxf8+ Rxf8 24. Nf3 Nb4 25. Bb1 Bb5 26. Rfd1 Bd7 27. Rd2 Nc6 28. h3 a6 29. Rb2 Be8 30. b4 Bd7 31. b5 axb5 32. Rxb5 Ba5 33. Rxb7 Rd8 34. Rxc6 Kf8 35. Rd6 Ke8 36. Ng5 h6 37. Bxg6+ Ke7 38. Nf7 1-0

[Event "ROM-ch U10"]
[Site "Calimanesti"]
[Date "2013.04.05"]
[Round "5"]
[White "Cristescu, Andrei Stefan"]
[Black "Dumitrescu, Matei Pavel"]
[Result "0-1"]
[WhiteElo "1235"]
[BlackElo "1573"]
[PlyCount "100"]
[EventDate "2013.04.02"]
[EventType "swiss"]
[EventRounds "9"]
[EventCountry "ROU"]
[SourceTitle "CBM 153 Extra"]
[Source "ChessBase"]
[SourceDate "2013.04.22"]
[SourceVersion "1"]
[SourceVersionDate "2013.04.22"]
[SourceQuality "1"]

1. e4 e5 2. Nf3 d6 3. d4 Nf6 4. Nc3 Nbd7 5. Bc4 Be7 6. 0-0 0-0 7. h3 c6 8. Re1 b5 9. Bb3 a5 10. a3 Ba6 11. Qd2 h6 12. Ba2 Re8 13. b4 axb4 14. axb4 Bb7 15. Bb2 Qb6 16. Bb3 exd4 17. Nxd4 Rxa1 18. Rxa1 Bf8 19. Re1 g6 20. Nf3 c5 21. bxc5 Qxc5 22. Qd3 Kg7 23. Nxb5 Ba6 24. c4 Bxb5 25. cxb5 Qb4 26. Qc4 Qxc4 27. Bxc4 Nc5 28. Nd2 g5 29. f3 Kg6 30. Nb3 d5 31. Bf1 Nxb3 32. Bd3 dxe4 33. fxe4 Bc5+ 34. Kh1 Nd7 35. e5+ Kh5 36. g4+ Kh4 37. Kg2 Nd4 38. Bc3 Ne6 39. Bf1 Nf4+ 40. Kh2 Bf2 41. Re3 h5 42. Rf3 hxg4 43. hxg4 Bb6 44. Rg3 Nxe5 45. Be1 Nxg4+ 46. Kh1 Rxe1 47. Rg1 Bxg1 48. Kxg1 Kg3 49. b6 Nh3+ 50. Kh1 Rxf1# 0-1

[Event "ROM-ch U10"]
[Site "Calimanesti"]
[Date "2013.04.03"]
[Round "2"]
[White "Cristescu, Andrei Stefan"]
[Black "Petrache, Flavius Gabriel"]
[Result "1/2-1/2"]
[WhiteElo "1235"]
[BlackElo "1596"]
[PlyCount "73"]
[EventDate "2013.04.02"]
[EventType "swiss"]
[EventRounds "9"]
[EventCountry "ROU"]
[SourceTitle "CBM 153 Extra"]
[Source "ChessBase"]
[SourceDate "2013.04.22"]
[SourceVersion "1"]
[SourceVersionDate "2013.04.22"]
[SourceQuality "1"]

1. e4 e5 2. Nf3 Nc6 3. Bc4 Be7 4. Nc3 Nf6 5. 0-0 0-0 6. d3 d6 7. h3 Bd7 8. a3 Qc8 9. Nh2 Nd4 10. Nf3 h6 11. Nxd4 exd4 12. Ne2 c5 13. f4 Be6 14. Bxe6 fxe6 15. Kh2 Nd7 16. Rg1 e5 17. f5 Qd8 18. g4 Bg5 19. Ng3 Bxc1 20. Qxc1 Qg5 21. Qxg5 hxg5 22. Rh1 Rac8 23. b3 b5 24. a4 c4 25. axb5 cxd3 26. cxd3 Rc2+ 27. Kg1 Rc3 28. Rxa7 Rxd3 29. Nh5 Rf7 30. Ra3 Re3 31. Kf2 Nc5 32. Ng3 Nxe4+ 33. Nxe4 Rxe4 34. h4 Rxg4 35. Ra8+ Rf8 36. Rxf8+ Kxf8 37. hxg5 1/2-1/2